00342nam a2200109Ia 4500008004100000082002000041100002300061245002100084260004500105630001800150650006400168211109s9999||||xx |||||||||||||| ||und|| a894.8124bANN-S aAnnie Joseph K A,  0aSath Hindusthani bMcgraw Hill Book CompanyaKottayamc1972 xGeneral Stack aMalayalam LiteraturevMalayalam EssaysLiteraturexGeneralia